| 000 | 00522nam a22002057a 4500 | ||
|---|---|---|---|
| 003 | OSt | ||
| 005 | 20140310181930.0 | ||
| 008 | 130722t xxu||||| |||| 00| 0 eng d | ||
| 020 | _a9781427796943 | ||
| 050 |
_aQM 23.2 _b.An535 2009 |
||
| 082 |
_aTR 500 _bAn1 2009 |
||
| 245 | _aAnatomy flashcards / | ||
| 260 |
_aNew York : _bKaplan Medical, _cc2009. |
||
| 300 |
_a310 flash cards : _bcol. ; _c15 cm. |
||
| 521 | _aFaculty | ||
| 541 | _j1 | ||
| 562 | _e1 | ||
| 650 | _2Science | ||
| 942 |
_2lcc _cBK-TR _kTR |
||
| 999 |
_c7339 _d7339 |
||